| 000 | 00372nam a2200121Ia 4500 | ||
|---|---|---|---|
| 008 | 250110s9999 xx 000 0 und d | ||
| 041 | _aeng | ||
| 100 |
_aKulkarni Kanika. _9208948 |
||
| 245 | _aLandscape Conservation Strategies For Mangroves Of Thane Creek. | ||
| 260 |
_bBNCA M Arch LA, Pune _c2018 |
||
| 300 | _a46p | ||
| 700 |
_aGuide Name: Somasundaram Shivram _9210807 |
||
| 999 |
_c364223 _d364223 |
||